[Event "Match"]
[Site "www.echecsemail.com"]
[Date "2017.03.22"]
[Round "1"]
[White "Azorau"]
[Black "Billyg"]
[WhiteElo "1820"]
[BlackElo "1710"]
[Result "1-0"]
[Round "1"]
1.e4 e6
2.Ng1f3 d5
3.Qd1e2 dxe4
4.Qe2xe4 Ng8f6
5.Bf1b5 c6
6.Qe4d3 Qd8xd3
7.Bb5xd3 Nb8d7
8.Nb1c3 Bf8d6
9.O-O Nf6g4
10.Nc3e4 Bd6e7
11.h3 Nd7c5
12.hxg4 O-O
13.Ne4c3 f6
14.g3 b5
15.Kg2 f5
16.gxf5 exf5
17.Bd3e2 Nc5e4
18.d3 Ne4xc3
19.bxc3 Be7d6
20.d4 Bc8b7
21.a4 Ra8e8
22.axb5 Re8xe2
23.Ra1a2 Bd6b8
24.Bc1e3 f4
25.gxf4 Bb8xf4
26.Nf3g1 cxb5
27.Kh3 Bf4xe3
28.Ng1xe2 Be3xf2
29.Ne2c1 Bb7c8
30.Kg2 Bc8b7
31.Kh2 Bf2g3
32.Kg1 Rf8xf1
33.Kxf1 Bg3f4
34.Nc1d3 Bf4d2
35.Ra2xa7 Bb7d5
36.Nd3e5 Bd2xc3
37.Ra7d7 Kf8
38.Rd7xd5 Ke7
39.Rd5xb5 Ke6
40.Ne5f3 h6
41.Kg2 Kf6
42.Nf3h4 Bc3xd4
43.c4 g5
44.Nh4f3 g4
45.Nf3xd4 Kg6
46.Kg3 h5
47.c5 { resign }
1-0

[Event "Fast Game"]
[Site "www.echecsemail.com"]
[Date "2017.03.22"]
[Round "1"]
[White "Romaamor69"]
[Black "Danquigley"]
[WhiteElo "2130"]
[BlackElo "2139"]
[Result "0-1"]
[Round "1"]
1.Ng1f3 Ng8f6
2.c4 g6
3.Nb1c3 d5
4.cxd5 Nf6xd5
5.g3 Bf8g7
6.Bf1g2 O-O
7.O-O c5
8.e4 Nd5b4
9.d4 cxd4
10.Nc3b5 d3
11.Bc1f4 Bc8g4
12.h3 Bg4xf3
13.Bg2xf3 Nb8c6
14.Nb5c7 e5
15.Nc7xa8 exf4
16.a3 Nb4c2
17.Ra1b1 fxg3
18.fxg3 Nc2e3
 { time }
0-1

[Event "Tourn. n9271"]
[Site "www.chess-mail.com"]
[Date "2017.03.23"]
[Round "1"]
[White "Bojan"]
[Black "Milkyway"]
[WhiteElo "2030"]
[BlackElo "2000"]
[Result "1-0"]
[Round "1"]
1.e4 d6
2.d4 Ng8f6
3.Nb1c3 g6
4.Bf1d3 Bf8g7
5.h3 c6
6.Bc1e3 O-O
7.f3 Qd8c7
8.Qd1d2 e5
9.Ng1e2 Nb8d7
10.d5 Nd7b6
11.dxc6 bxc6
12.b3 Bc8e6
13.g4  { time }
1-0

[Event "Tourn. n9217"]
[Site "www.chess-mail.com"]
[Date "2017.03.23"]
[Round "1"]
[White "Vasylpuzanov"]
[Black "Cal"]
[WhiteElo "1510"]
[BlackElo "1630"]
[Result "0-1"]
[Round "1"]
1.e3 e5
2.d4 e4
3.c4 d6
4.Nb1c3 Ng8f6
5.f3 exf3
6.Ng1xf3 a6
7.Bf1d3 h6
8.O-O Bc8g4
9.h3 Bg4h5
10.Bc1d2 Bf8e7
11.e4 c6
12.Qd1e1 Nb8d7
13.Qe1f2 b6
14.e5 dxe5
15.dxe5 Nf6g8
16.g4 Bh5g6
17.Bd3xg6 fxg6
18.Ra1d1 Be7c5
19.Bd2e3 Ng8e7
20.Be3xc5 bxc5
21.e6 Nd7f6
22.Rd1xd8 Ra8xd8
23.Qf2xc5 g5
24.Nf3e5 Rd8c8
25.Rf1e1 Rc8c7
 { time }
0-1

[Event "Tourn. n9266"]
[Site "www.chess-mail.com"]
[Date "2017.03.23"]
[Round "1"]
[White "Julian"]
[Black "Bojan"]
[WhiteElo "2010"]
[BlackElo "2000"]
[Result "0-1"]
[Round "1"]
1.e4 e5
2.Ng1f3 d6
3.d4 exd4
4.Nf3xd4 c5
5.Nd4f3 h6
6.Nb1c3 Qd8f6
7.Bf1c4 Ng8e7
8.O-O Ne7g6
9.Nc3d5 Qf6d8
10.Rf1e1 a6
11.e5 Bc8e6
12.exd6 Bf8xd6
13.Bc1f4 Bd6xf4
14.Nd5xf4 Qd8xd1
15.Ra1xd1 { time. }
0-1

[Event "Tourn. n9175"]
[Site "www.chess-mail.com"]
[Date "2017.03.23"]
[Round "1"]
[White "Forest"]
[Black "Picifarkinca"]
[WhiteElo "1850"]
[BlackElo "1670"]
[Result "0-1"]
[Round "1"]
1.d4 d5
2.Bc1f4 e6
3.e3 Bf8d6
4.Bf4xd6 Qd8xd6
5.c3 Ng8f6
6.Ng1f3 O-O
7.Bf1d3 Nf6e4
8.O-O Nb8c6
9.Qd1e2 f5
10.Nb1d2 Bc8d7
11.Nd2b3 a5
12.Bd3xe4 fxe4
13.Nf3d2 a4
14.Nb3c5 Bd7c8
15.f3 b6
16.fxe4 bxc5
17.e5 Nc6xe5
18.dxe5 Rf8xf1
19.Ra1xf1 Bc8a6
20.exd6 Ba6xe2
21.Rf1f2 Be2d3
22.h3 cxd6
23.Nd2f3 Ra8b8
24.Nf3g5 e5
25.Rf2d2 c4
26.Ng5f3 h6
27.Nf3e1 Bd3e4
 { time }
0-1

[Event "Tourn. n9284"]
[Site "www.chess-mail.com"]
[Date "2017.03.23"]
[Round "1"]
[White "Sunny"]
[Black "Mechjoura"]
[WhiteElo "1809"]
[BlackElo "1809"]
[Result "1-0"]
[Round "1"]
1.d4 e6
2.c4 d5
3.Nb1c3 dxc4
4.e4 Bf8b4
5.Bf1xc4 c5
6.a3 Bb4xc3
7.bxc3 Qd8h4
8.Qd1e2 cxd4
9.cxd4 Ng8f6
10.e5  { time }
1-0

[Event "Tourn. n9204"]
[Site "www.chess-mail.com"]
[Date "2017.03.23"]
[Round "1"]
[White "Liencam2"]
[Black "Sandokam"]
[WhiteElo "2360"]
[BlackElo "2300"]
[Result "0-1"]
[Round "1"]
1.e4 c6
2.d4 d5
3.f3 a6
4.Nb1c3 g6
5.Bc1e3 Bf8g7
6.Qd1d2 b5
7.a3 Bc8b7
8.b4 e6
9.Ng1h3 a5
10.Ra1b1 Ng8e7
11.Bf1d3 axb4
12.axb4 e5
13.exd5 exd4
14.Be3h6 dxc3
15.Qd2g5 O-O
16.dxc6 Ne7xc6
17.Bh6xg7 Rf8e8
18.Kf2 Kxg7
19.Qg5xd8 Re8xd8
20.Rh1e1 Rd8xd3
21.cxd3 Ra8a2
22.Ke3 Nb8a6
23.Re1e2 c2
24.Rb1c1 Na6xb4
25.Nh3g5 Nc6a5
26.Ng5e4 Na5b3
{ resign }
0-1

[Event "Tourn. n9170"]
[Site "www.chess-mail.com"]
[Date "2017.03.23"]
[Round "1"]
[White "Numanoid"]
[Black "Gimmyg"]
[WhiteElo "2410"]
[BlackElo "2530"]
[Result "1-0"]
[Round "1"]
1.d4 Ng8f6
2.Bc1g5 e6
3.e4 h6
4.Bg5xf6 Qd8xf6
5.c3 c5
6.Ng1f3 Bf8e7
7.e5 Qf6g6
8.Bf1d3 Qg6xg2
9.Rh1g1 Qg2h3
10.Rg1xg7 Kf8
11.Rg7g3 Qh3h5
12.Nb1d2 cxd4
13.cxd4 Nb8c6
14.Nd2e4 Rh8g8
15.Rg3xg8 Kxg8
16.Qd1e2 Nc6b4
17.Kd2 Nb4d5
18.Ra1g1 Kf8
19.Bd3c4 Nd5c7
20.Qe2e3 b5
21.d5 Nc7e8
22.d6 Be7d8
23.Bc4e2 Bd8a5
24.Kd1 Ba5d8
25.Qe3f4 Ne8g7
26.Ne4f6 Qh5f5
27.Qf4xh6 Qf5b1
28.Kd2 Bd8a5
29.Ke3 Ba5b6
30.Nf3d4 Bb6xd4
31.Kxd4 { resign }
1-0

[Event "Tourn. n9295"]
[Site "www.chess-mail.com"]
[Date "2017.03.23"]
[Round "1"]
[White "Paulsyd"]
[Black "Xkafi"]
[WhiteElo "2110"]
[BlackElo "2010"]
[Result "1-0"]
[Round "1"]
1.e4 f5
2.exf5 d5
3.Qd1h5 Kd7
4.Ng1f3 Nb8c6
5.Bf1b5 Ng8f6
6.Nf3e5 Kd6
7.Ne5f7 Kc5
8.Qh5e2 Qd8d7
9.Nb1c3 d4
10.b4 Nc6xb4
11.Nc3a4 Kd5
12.Qe2e5 
1-0

[Event "Tourn. n9233"]
[Site "www.chess-mail.com"]
[Date "2017.03.23"]
[Round "1"]
[White "Nimzo"]
[Black "Seger"]
[WhiteElo "2650"]
[BlackElo "2780"]
[Result "1-0"]
[Round "1"]
1.d4 d5
2.c4 e6
3.Ng1f3 dxc4
4.e3 b5
5.a4 b4
6.Bf1xc4 Ng8f6
7.O-O Bf8e7
8.Nb1d2 Bc8b7
9.a5 a6
10.Qd1e2 O-O
11.e4 c5
12.e5 Nf6d7
13.Nd2b3 Nb8c6
14.Rf1d1 Qd8b8
15.Bc1g5  { time }
1-0

[Event "Tourn. n9022"]
[Site "www.chess-mail.com"]
[Date "2017.03.23"]
[Round "1"]
[White "Tartan"]
[Black "Seger"]
[WhiteElo "2460"]
[BlackElo "2790"]
[Result "1-0"]
[Round "1"]
1.d4 Ng8f6
2.Ng1f3 d5
3.e3 e6
4.Bf1d3 c5
5.c3 b6
6.O-O Bc8b7
7.Nf3e5 Bf8d6
8.f4 O-O
9.Qd1f3 Nf6e4
10.Nb1d2 f5
11.Qf3h3 Nb8c6
12.Nd2f3 Qd8c8
13.Ne5xc6 Bb7xc6
14.Nf3d2 a5
15.Nd2xe4 dxe4
16.Bd3e2 b5
17.Bc1d2 a4
18.b4 c4
19.Bd2e1 Ra8a7
20.Be1h4 Bc6e8
21.a3 Be8c6
22.g4 Bc6e8
23.gxf5 exf5
24.Ra1d1 Rf8f7
25.Kf2 Bd6f8
26.Rf1g1 Qc8e6
27.Rg1g2 Rf7d7
28.Rg2g1 Ra7a6
29.Rg1g5 Be8g6
30.Ke1 h6
31.Rg5g1 Bg6f7
32.Kd2 Ra6d6
33.Kc2 g6
34.Qh3g2 Kh8
35.Be2f1 Kg8
36.Kb2 Qe6e8
37.Qg2c2 Qe8e6
38.Bf1h3 Rd7c7
39.Ka2 Bf8g7
40.Qc2d2 Qe6d7
41.Kb2 Bf7d5
42.Qd2c2 Bd5f7
43.Ka2 Bf7d5
44.Qc2e2 Qd7e6
45.Qe2c2 Qe6e8
46.Qc2e2 Bd5f7
47.Qe2d2 Bf7d5
48.Qd2e2 Kf8
49.Bh3g2 Rd6d7
50.Qe2c2 Kg8
51.Qc2e2  { time }
1-0

[Event "Tourn. n9271"]
[Site "www.chess-mail.com"]
[Date "2017.03.23"]
[Round "1"]
[White "Milkyway"]
[Black "Panham"]
[WhiteElo "2000"]
[BlackElo "2120"]
[Result "0-1"]
[Round "1"]
1.e4 e5
2.Ng1f3 Nb8c6
3.Bf1b5 a6
4.Bb5xc6 dxc6
5.d4 exd4
6.Qd1xd4 Bc8e6
7.Qd4xd8 Ra8xd8
8.Nb1c3 Bf8e7
9.Bc1e3 Ng8f6
10.h3 O-O
11.Nf3d4 Be6c8
12.O-O-O c5
13.Nd4e2 b5
14.e5 Rd8xd1
 { time }
0-1

[Event "Tourn. n9221"]
[Site "www.chess-mail.com"]
[Date "2017.03.23"]
[Round "1"]
[White "Mitja"]
[Black "Genius7"]
[WhiteElo "1920"]
[BlackElo "1890"]
[Result "1/2-1/2"]
[Round "1"]
1.d4 d5
2.e3 Bc8f5
3.h3 e6
4.Ng1e2 Ng8f6
5.Ne2g3 Bf5g6
6.Bf1e2 Bf8d6
7.Be2d3 Nb8c6
8.a3 Bg6xd3
9.Qd1xd3 O-O
10.O-O e5
11.dxe5 Nc6xe5
12.Qd3e2 c6
13.b3 Rf8e8
14.Bc1b2 Qd8d7
15.Nb1d2 Qd7c7
16.Nd2f3 Ne5xf3
17.Qe2xf3 Bd6e5
18.Bb2xe5 Qc7xe5
19.Rf1e1 Nf6e4
20.Ng3xe4 dxe4
21.Qf3e2 Ra8d8
22.Ra1d1 Qe5e6
23.Rd1xd8 Re8xd8
24.Re1d1 Rd8xd1
25.Qe2xd1 g6
26.c4 Qe6e7
27.a4 Qe7e5
{ draw }
1/2-1/2

[Event "Tourn. n9164"]
[Site "www.chess-mail.com"]
[Date "2017.03.23"]
[Round "1"]
[White "Arerax"]
[Black "Lucaschess"]
[WhiteElo "1339"]
[BlackElo "1979"]
[Result "0-1"]
[Round "1"]
1.e4 e5
2.Bf1c4 Ng8f6
3.Nb1c3 Bf8c5
4.Ng1f3 d6
5.d4 exd4
6.Nf3xd4 O-O
7.f4 Rf8e8
8.Qd1d3 Bc8d7
9.O-O Nb8c6
10.Bc1e3 Nc6xd4
11.Be3xd4 Bc5xd4
12.Qd3xd4 a5
13.Nc3d5 Nf6xe4
14.Rf1e1 Ne4f6
15.Re1xe8 Bd7xe8
16.Nd5xf6 Qd8xf6
17.Qd4xf6 gxf6
18.f5 b5
19.Bc4e2 c5
20.c4 b4
21.b3 { time. }
0-1

[Event "Tourn. n9298"]
[Site "www.chess-mail.com"]
[Date "2017.03.23"]
[Round "1"]
[White "Mitja"]
[Black "Chessington"]
[WhiteElo "1910"]
[BlackElo "1859"]
[Result "0-1"]
[Round "1"]
1.d4 e6
2.e3 Ng8f6
3.Ng1h3 c5
4.dxc5 Bf8xc5
5.c3 d5
6.Nb1d2 e5
7.Nd2b3 Bc5d6
8.g3 a5
9.Bf1g2 a4
10.Nb3d2 h6
11.a3 Nb8c6
12.Nd2f3 Bc8g4
13.Qd1c2 Qd8d7
14.Nh3g1 Bg4f5
15.Qc2d1 Bf5e4
16.Ng1h3 Nc6a5
17.O-O Na5b3
18.Ra1a2 Be4b1
{ resign }
0-1

[Event "Tourn. n9252"]
[Site "www.chess-mail.com"]
[Date "2017.03.23"]
[Round "1"]
[White "Nimzo"]
[Black "Seger"]
[WhiteElo "2690"]
[BlackElo "2780"]
[Result "1-0"]
[Round "1"]
1.d4 Ng8f6
2.c4 e6
3.g3 b6
4.Bf1g2 d5
5.cxd5 exd5
6.Ng1f3 Bf8e7
7.O-O O-O
8.Nb1c3 Bc8b7
9.Nf3e5 Nb8a6
10.Bc1f4 c5
11.Qd1a4 cxd4
12.Qa4xd4  { time }
1-0

[Event "Tourn. n9233"]
[Site "www.chess-mail.com"]
[Date "2017.03.23"]
[Round "1"]
[White "Seger"]
[Black "Witkapje"]
[WhiteElo "2780"]
[BlackElo "2829"]
[Result "0-1"]
[Round "1"]
1.d4 Ng8f6
2.c4 e6
3.Bc1g5 h6
4.Bg5xf6 Qd8xf6
5.Nb1c3 Bf8b4
6.Ra1c1 d6
7.Ng1f3 O-O
8.g3 c5
9.dxc5 dxc5
10.Bf1g2 Rf8d8
11.Nf3d2 Nb8c6
12.O-O Bc8d7
13.e3 Ra8b8
14.Qd1e2 a6
15.Rf1d1 Bd7e8
16.Nd2e4 Qf6e7
17.f4 b6
18.Rd1xd8 Rb8xd8
19.a3 Bb4a5
20.Rc1d1 f5
21.Rd1xd8 Qe7xd8
22.Ne4f2 Ba5xc3
23.bxc3 Nc6a5
24.Nf2d3 Na5xc4
25.Nd3xc5 bxc5
 { time }
0-1

[Event "Tourn. n9259"]
[Site "www.chess-mail.com"]
[Date "2017.03.23"]
[Round "1"]
[White "Hundegana"]
[Black "Libiesse"]
[WhiteElo "2050"]
[BlackElo "1810"]
[Result "0-1"]
[Round "1"]
1.e4 c5
2.f4 e6
3.c3 d5
4.e5 a6
5.g3 Nb8c6
6.Ng1f3 Ng8e7
7.Bf1g2 g6
8.O-O Bf8g7
9.Kh1 O-O
10.d3 b5
11.a3 Bc8b7
12.Qd1c2 Ra8c8
13.Bc1e3 d4
14.cxd4 Nc6xd4
15.Nf3xd4 cxd4
16.Qc2e2 Bb7xg2
17.Kxg2 dxe3
18.Qe2xe3 Ne7f5
19.Qe3f3 Nf5d4
20.Qf3b7 Rc8c2
21.Rf1f2 Rc2xf2
22.Kxf2 Nd4c2
23.Ra1a2 Qd8d4
24.Kg2 Nc2e3
25.Kh1 Qd4xd3
26.Qb7f3 Qd3xb1
{ resign }
0-1

[Event "Tourn. n9271"]
[Site "www.chess-mail.com"]
[Date "2017.03.23"]
[Round "1"]
[White "Milkyway"]
[Black "Luban"]
[WhiteElo "2000"]
[BlackElo "2180"]
[Result "0-1"]
[Round "1"]
1.c4 e6
2.d4 d5
3.Nb1c3 h6
4.e3 Ng8f6
5.cxd5 exd5
6.Ng1f3 c6
7.Bf1e2 Bf8d6
8.O-O O-O
9.b3 Bc8f5
10.Bc1b2 Nf6e4
11.Nc3xe4 Bf5xe4
12.Nf3d2 Nb8d7
13.Nd2f3 Rf8e8
14.Be2d3 Nd7f6
15.Bd3xe4 Nf6xe4
 { time }
0-1

[Event "Tourn. n9248"]
[Site "www.chess-mail.com"]
[Date "2017.03.23"]
[Round "1"]
[White "Caspito"]
[Black "Vasylpuzanov"]
[WhiteElo "1870"]
[BlackElo "1620"]
[Result "1-0"]
[Round "1"]
1.e4 e5
2.Ng1f3 f5
3.Nf3xe5 Qd8f6
4.d4 d6
5.Ne5c4 fxe4
6.Bc1e3 Qf6g6
7.g3 Ng8f6
8.Nb1c3 Bc8g4
9.Bf1e2 Bg4xe2
10.Qd1xe2 a6
11.O-O-O Bf8e7
12.d5 Nb8d7
13.Nc4a5 O-O-O
14.Qe2c4 Nd7e5
15.Qc4d4 b6
16.Na5c6 Ne5xc6
17.dxc6 Rd8e8
18.Qd4a4 Be7f8
19.Qa4xa6 Kd8
20.Qa6a8 Ke7
21.Qa8b7 Ke6
22.Qb7xc7 Bf8e7
23.Nc3e2 Kf7
24.Rd1xd6 { resign }
1-0

[Event "Tourn. n9260"]
[Site "www.chess-mail.com"]
[Date "2017.03.23"]
[Round "1"]
[White "Redabond"]
[Black "Vasylpuzanov"]
[WhiteElo "1690"]
[BlackElo "1640"]
[Result "0-1"]
[Round "1"]
1.d4 Ng8f6
2.Bc1f4 d5
3.Nb1c3 Bc8f5
4.Nc3b5 Nb8a6
5.e3 c6
6.Nb5c3 Na6c7
7.Bf1d3 Bf5g6
8.Ng1f3 e6
9.O-O Bf8d6
 { time }
0-1

[Event "Tourn. n9091"]
[Site "www.chess-mail.com"]
[Date "2017.03.23"]
[Round "1"]
[White "Numanoid"]
[Black "Ejner"]
[WhiteElo "2390"]
[BlackElo "2410"]
[Result "1-0"]
[Round "1"]
1.e4 c5
2.Ng1f3 d6
3.d4 cxd4
4.Nf3xd4 Ng8f6
5.Nb1c3 a6
6.Bc1g5 e6
7.f4 Qd8c7
8.Qd1e2 Nb8c6
9.O-O-O Nc6xd4
10.Rd1xd4 Bf8e7
11.Kb1 O-O
12.h4 b5
13.e5 Nf6e8
14.g4 Bc8b7
15.Bf1g2 dxe5
16.fxe5 Be7c5
17.Bg2xb7 Qc7xb7
18.Rd4d1 Qb7c7
19.Rh1h3 f6
20.exf6 Ne8xf6
21.Bg5xf6 Rf8xf6
22.Rh3d3 Ra8f8
23.Nc3e4 Rf6f4
24.Ne4g5 Qc7b6
25.Qe2xe6 { resign }
1-0

[Event "Match"]
[Site "www.echecsemail.com"]
[Date "2017.03.23"]
[Round "1"]
[White "Billyg"]
[Black "Griffo30"]
[WhiteElo "1730"]
[BlackElo "1499"]
[Result "0-1"]
[Round "1"]
1.e4 e6
2.d4 d5
3.exd5 exd5
4.h3 Bf8d6
5.Ng1f3 Ng8e7
6.Bf1b5 Nb8c6
7.O-O Bc8d7
8.Bb5xc6 Bd7xc6
9.Rf1e1 O-O
10.Bc1g5 Bc6d7
11.Nb1c3 c6
12.Bg5xe7 Bd6xe7
13.Nf3e5 Bd7e6
14.Qd1e2 Rf8e8
15.Qe2f3 Qd8b6
16.Re1b1 Qb6xd4
17.Qf3e3 Qd4xe3
18.Rb1e1 Qe3g5
19.Ne5f3 Qg5g6
20.h4 Be6g4
21.Nf3e5 Qg6f5
22.f3 Be7c5
23.Kh1 Re8xe5
24.Re1xe5 Qf5xe5
25.fxg4 Bc5d6
26.g3 Qe5xg3
{ resign }
0-1

[Event "Match"]
[Site "www.echecsemail.com"]
[Date "2017.03.23"]
[Round "1"]
[White "Whitekknight"]
[Black "Winston"]
[WhiteElo "1910"]
[BlackElo "1810"]
[Result "0-1"]
[Round "1"]
1.e4 e6
2.d4 d5
3.exd5 exd5
4.Qd1e2 Qd8e7
5.Qe2xe7 Bf8xe7
6.Bf1e2 Ng8f6
7.Ng1f3 c5
8.c3 Nb8c6
9.O-O O-O
10.Bc1e3 Bc8f5
11.Nb1d2 c4
12.Nf3h4 Bf5d7
13.Nh4f3 a5
14.a4 h6
15.Rf1e1 Rf8b8
16.Be3f4 Rb8e8
17.Nf3e5 Nc6xe5
18.Bf4xe5 b5
19.axb5 Bd7xb5
20.Be2f3 Bb5c6
21.b3 cxb3
22.Nd2xb3 a4
23.Nb3d2 Nf6d7
24.Be5g3 Be7g5
25.Nd2b1 Re8xe1

0-1

[Event "1/64 Finale"]
[Site "www.chess-mail.com"]
[Date "2017.03.23"]
[Round "1"]
[White "Claudia"]
[Black "Esperanza"]
[WhiteElo "2140"]
[BlackElo "2080"]
[Result "1-0"]
[Round "1"]
1.d4 Ng8f6
2.c4 c5
3.d5 e5
4.Nb1c3 d6
5.e4 Nb8d7
6.Ng1f3 Bf8e7
7.Bf1d3 O-O
8.O-O Nf6e8
9.a3 g6
10.Bc1h6 Ne8g7
11.Nf3e1 Be7g5
12.Bh6xg5 Qd8xg5
13.g3 a6
14.Ne1g2 f5
15.f4 Qg5e7
16.Qd1e2 exf4
17.Ng2xf4 Nd7e5
18.b3 Bc8d7
19.Ra1e1 Ra8e8
20.Kg2 g5
21.Nf4h3 f4
22.Nh3g1 Bd7g4
23.Qe2c2  { time }
1-0

[Event "Eq:Latinoamerica-Equipo Juan Diaz : "]
[Site "www.chess-mail.com"]
[Date "2017.03.23"]
[Round "1"]
[White "Omaciej"]
[Black "Ilusion"]
[WhiteElo "1319"]
[BlackElo "2070"]
[Result "0-1"]
[Round "1"]
1.e4 c5
2.Ng1f3 d6
3.d4 cxd4
4.Nf3xd4 Ng8f6
5.f3 e6
6.c4 Bf8e7
7.Nb1c3 b6
8.Bc1e3 Bc8b7
9.Bf1e2 O-O
10.O-O a6
11.Kh1 Nb8d7
12.Ra1c1 Ra8c8
13.b4 Nd7e5
 { time }
0-1

[Event "Eq:Latinoamerica-Equipo Juan Diaz : "]
[Site "www.chess-mail.com"]
[Date "2017.03.23"]
[Round "1"]
[White "Ilusion"]
[Black "Omaciej"]
[WhiteElo "2070"]
[BlackElo "1319"]
[Result "1-0"]
[Round "1"]
1.d4 Ng8f6
2.c4 g6
3.Nb1c3 d5
4.cxd5 Nf6xd5
5.e4 Nd5xc3
6.bxc3 Bf8g7
7.Bc1g5 c5
8.Ra1c1 cxd4
9.cxd4 Qd8a5
10.Qd1d2 Qa5xd2
11.Kxd2 O-O
12.Ng1f3 Nb8c6
13.d5  { time }
1-0

[Event "Tourn. n9271"]
[Site "www.chess-mail.com"]
[Date "2017.03.24"]
[Round "1"]
[White "Luban"]
[Black "Bojan"]
[WhiteElo "2180"]
[BlackElo "2030"]
[Result "0-1"]
[Round "1"]
1.d4 e6
2.c4 c5
3.e3 cxd4
4.exd4 h6
5.Bc1e3 Qd8a5
6.Qd1d2 Bf8b4
7.Nb1c3 Bb4xc3
8.Qd2xc3 Qa5xc3
9.bxc3 b6
10.Ng1f3 Bc8b7
11.Bf1e2 Ng8f6
12.O-O d6
13.Rf1d1 Nf6e4
14.Ra1c1 Nb8d7
15.d5 e5
16.Be2d3 Nd7c5
17.Bd3xe4 Nc5xe4
18.Nf3d2 Ne4xd2
19.Rd1xd2 Bb7a6
20.f4 Ba6xc4
21.fxe5 dxe5
22.d6 Ra8d8
23.a4 Rd8d7
24.a5 bxa5
25.Rc1a1 O-O
26.Ra1xa5 a6
27.Ra5xe5 Rf8d8
28.Be3c5 Bc4e6
29.Bc5b4 Rd8a8
30.Bb4a5 Ra8c8
31.Ba5c7 g6
32.Rd2d4 Kg7
33.c4 Rc8xc7
34.Re5xe6 fxe6
35.dxc7 Rd7xc7
36.Rd4d6 Rc7xc4
37.Rd6xa6 Kf6
38.Kf2 Kf5
39.Ra6a2 g5
40.h3 h5
41.Ra2a5 e5
42.Ra5a2 h4
43.g4 Kf4
44.Ra2a8 Rc4c2
{ resign }
0-1

[Event "Tourn. n9240"]
[Site "www.chess-mail.com"]
[Date "2017.03.24"]
[Round "1"]
[White "Tartan"]
[Black "Krystek23"]
[WhiteElo "2410"]
[BlackElo "2320"]
[Result "0-1"]
[Round "1"]
1.e4 c5
2.Ng1f3 e6
3.d4 cxd4
4.Nf3xd4 Nb8c6
5.Nb1c3 Qd8c7
6.f4 a6
7.Bf1e2 d6
8.Bc1e3 Nc6a5
9.O-O Na5c4
10.Be2xc4 Qc7xc4
11.Qd1d3 Qc4c7
12.f5 Bf8e7
13.fxe6 fxe6
14.Nc3e2 e5
15.Nd4f5 Bc8xf5
16.Rf1xf5 Ra8c8
17.Ne2c3 Ng8f6
18.Ra1d1 Qc7c6
19.Be3g5 Qc6b6
20.Kh1 Qb6xb2
21.Rf5f3 O-O
22.Bg5xf6 Be7xf6
23.Rd1b1 Qb2a3
24.Rb1xb7 Rc8xc3
{ resign }
0-1

[Event "Tourn. n9272"]
[Site "www.chess-mail.com"]
[Date "2017.03.24"]
[Round "1"]
[White "Attatroll"]
[Black "Milkyway"]
[WhiteElo "1970"]
[BlackElo "1960"]
[Result "1-0"]
[Round "1"]
1.d4 d5
2.c4 e6
3.Nb1c3 Bf8b4
4.Qd1c2 Ng8f6
5.Ng1f3 O-O
6.Bc1g5 c5
7.Bg5xf6 Qd8xf6
8.e3 Nb8c6
9.a3 Bb4xc3
10.bxc3 b6
11.cxd5 exd5
12.Bf1b5 Bc8f5
13.Qc2a4 Bf5d7
14.O-O h6
15.c4  { time }
1-0

[Event "Tourn. n9206"]
[Site "www.chess-mail.com"]
[Date "2017.03.24"]
[Round "1"]
[White "Traub"]
[Black "A27l"]
[WhiteElo "1380"]
[BlackElo "1280"]
[Result "1-0"]
[Round "1"]
1.e4 e5
2.f4 exf4
3.Ng1f3 d6
4.Bf1c4 h6
5.d4 b6
6.Bc1xf4 Bc8a6
7.Nb1d2 Ba6xc4
8.Nd2xc4 Bf8e7
9.O-O Ng8f6
10.e5 dxe5
11.Nf3xe5 O-O
12.Kh1 Nf6h7
13.Qd1f3 Be7g5
14.Ra1d1 Bg5xf4
15.Qf3xa8 Bf4xe5
16.dxe5 Qd8c8
17.Qa8d5  { time }
1-0

[Event "Tourn. n9259"]
[Site "www.chess-mail.com"]
[Date "2017.03.24"]
[Round "1"]
[White "Guidom"]
[Black "Milkyway"]
[WhiteElo "2110"]
[BlackElo "1970"]
[Result "1-0"]
[Round "1"]
1.e4 e5
2.Ng1f3 Nb8c6
3.Bf1b5 a6
4.Bb5a4 Ng8f6
5.O-O Bf8e7
6.Rf1e1 b5
7.Ba4b3 O-O
8.c3 d6
9.d4 Bc8g4
10.d5 Nc6a5
11.Bc1g5 Na5xb3
12.axb3 Nf6h5
13.Bg5e3 Nh5f6
14.Nb1d2 Qd8d7
15.Qd1c2 c5
16.c4 b4
17.Ra1a4 Qd7b7
18.Re1a1 Bg4xf3
19.Nd2xf3 Nf6g4
20.Be3d2 Ng4f6
21.h3  { time }
1-0

[Event "Tourn. n9281"]
[Site "www.chess-mail.com"]
[Date "2017.03.24"]
[Round "1"]
[White "Chessington"]
[Black "Cal"]
[WhiteElo "1499"]
[BlackElo "1560"]
[Result "1-0"]
[Round "1"]
1.Ng1f3 Nb8c6
2.g3 e5
3.d3 d5
4.Bf1g2 h6
5.O-O Ng8f6
6.c4 d4
7.b4 Bf8xb4
8.Nf3xe5 Nc6xe5
9.Qd1a4 Ne5c6
10.Bg2xc6 Bc8d7
11.Bc6xd7 Nf6xd7
12.Qa4xb4 a6
13.Rf1e1 b6
14.e3 c5
15.exd4 Kf8
16.dxc5 bxc5
17.Qb4b7 a5
18.Nb1c3 g6
19.Nc3d5 Ra8b8
20.Qb7c6 Rb8c8
21.Qc6d6 Kg7
22.Bc1b2 f6
23.Re1e7 Kg8
24.Qd6e6 Kf8
25.Qe6f7 
1-0

[Event "Tourn. n9282"]
[Site "www.chess-mail.com"]
[Date "2017.03.24"]
[Round "1"]
[White "Falcoale"]
[Black "Lightning"]
[WhiteElo "1980"]
[BlackElo "1999"]
[Result "0-1"]
[Round "1"]
1.e4 c5
2.Ng1f3 e6
3.b3 b6
4.Bc1b2 Bc8b7
5.d3 Nb8c6
6.Bf1e2 Ng8f6
7.O-O Bf8e7
8.Nb1d2 O-O
9.Nd2c4 d5
10.exd5 Nf6xd5
11.Nc4e3 Nd5f4
12.Ne3c4 Be7f6
13.Bb2xf6 Qd8xf6
14.Nc4d6 Nc6d4
15.Nd6xb7 Nf4xe2
16.Kh1 Ne2c3
17.Qd1b1 Nc3xb1
18.Ra1xb1 Nd4xf3
{ resign }
0-1

[Event "Tourn. n9275"]
[Site "www.chess-mail.com"]
[Date "2017.03.24"]
[Round "1"]
[White "Luban"]
[Black "Milkyway"]
[WhiteElo "2180"]
[BlackElo "2000"]
[Result "1-0"]
[Round "1"]
1.d4 d5
2.Ng1f3 Ng8f6
3.h3 e6
4.a3 c5
5.c4 cxd4
6.Nf3xd4 Bf8c5
7.e3 O-O
8.Bf1e2 dxc4
9.Be2xc4 Bc5xd4
10.Qd1xd4 Qd8xd4
11.exd4 Nb8c6
12.Bc1e3 b6
13.Nb1d2 Bc8b7
14.Nd2f3 a6
15.O-O  { time }
1-0

[Event "Tourn. n9252"]
[Site "www.chess-mail.com"]
[Date "2017.03.24"]
[Round "1"]
[White "Seger"]
[Black "Darko10"]
[WhiteElo "2780"]
[BlackElo "2680"]
[Result "0-1"]
[Round "1"]
1.d4 e6
2.e4 d5
3.exd5 exd5
4.Ng1f3 Bf8d6
5.c4 Ng8f6
6.c5 Bd6e7
7.Qd1a4 Bc8d7
8.Qa4c2 O-O
9.Bc1e3 b6
10.Bf1e2 Nf6g4
11.Be3f4 bxc5
12.dxc5 Rf8e8
13.O-O Ng4f6
14.Be2d3 h6
15.a3 Nb8c6
16.h3 Nf6e4
17.Nb1c3 Ne4xc3
18.Qc2xc3 Be7f6
19.Qc3c2 { time. }
0-1

[Event "Tourn. n9260"]
[Site "www.chess-mail.com"]
[Date "2017.03.24"]
[Round "1"]
[White "Cal"]
[Black "Redabond"]
[WhiteElo "1680"]
[BlackElo "1690"]
[Result "1-0"]
[Round "1"]
1.c4 d5
2.cxd5 Qd8xd5
3.Nb1c3 Qd5d8
4.d4 Bc8f5
5.e3 Nb8c6
6.Bf1b5 Qd8d6
7.Ng1f3 O-O-O
8.O-O a6
9.Bb5xc6 Qd6xc6
10.Bc1d2 Ng8f6
11.h3 e6
12.Qd1e2 Bf8b4
13.a3 Bb4xc3
14.bxc3 Bf5e4
15.Nf3e5 Qc6e8
16.f3 Be4c6
17.a4 Bc6xa4
18.Qe2c4 Ba4b5
19.Qc4c5 Bb5xf1
20.Kxf1 Rh8f8
21.Qc5a7 Qe8b5
22.Kf2 c6
23.c4 Qb5b2
24.Qa7a8 Kc7
25.Qa8a7 Qb2xd2
26.Kg3 Rd8a8
27.Qa7c5 Qd2xe3
28.Qc5e7 Kb6
29.Ra1b1 { resign }
1-0

[Event "Tourn. n9292"]
[Site "www.chess-mail.com"]
[Date "2017.03.24"]
[Round "1"]
[White "Mrmoto"]
[Black "Ranjachess"]
[WhiteElo "1670"]
[BlackElo "1790"]
[Result "0-1"]
[Round "1"]
1.e4 e5
2.Ng1f3 d6
3.Bf1c4 Ng8f6
4.d4 h6
5.dxe5 Nf6xe4
6.Qd1d5 Bc8e6
7.Qd5xb7 Be6xc4
8.Qb7xe4 d5
9.Qe4e3 Nb8c6
10.b3 d4
11.Qe3f4 Bc4e6
12.O-O Bf8c5
13.Bc1b2 Nc6b4
14.a3 Nb4xc2
15.Ra1a2 Be6xb3
16.e6 Bb3xe6
17.Bb2c1 Be6xa2
18.Nb1d2 O-O
19.Qf4f5 Bc5xa3
20.Bc1xa3 Nc2xa3
{ resign }
0-1

[Event "Tourn. n9211"]
[Site "www.chess-mail.com"]
[Date "2017.03.24"]
[Round "1"]
[White "Pdebonis"]
[Black "Prize640"]
[WhiteElo "2340"]
[BlackElo "2350"]
[Result "1/2-1/2"]
[Round "1"]
1.d4 Ng8f6
2.c4 g6
3.Nb1c3 Bf8g7
4.e4 d6
5.Bf1e2 O-O
6.Bc1g5 h6
7.Bg5e3 c5
8.d5 e6
9.Qd1d2 exd5
10.cxd5 Rf8e8
11.f3 h5
12.a4 a6
13.a5 Nf6h7
14.Be2c4 Nb8d7
15.Ng1e2 b5
16.axb6 Nd7xb6
17.Bc4d3 Nb6d7
18.Ne2f4 a5
19.O-O Nd7e5
20.Bd3b5 Bc8d7
21.Bb5e2 Ra8b8
22.Ra1a2 Rb8b3
23.Rf1a1 Qd8b8
24.Qd2c1 h4
25.Be3f2 Qb8b6
26.Kh1 Re8b8
27.Ra2xa5 Rb3xb2
28.Ra5a6 Qb6c7
29.Nc3d1 { draw }
1/2-1/2

[Event "Tourn. n9208"]
[Site "www.chess-mail.com"]
[Date "2017.03.24"]
[Round "1"]
[White "Aalekhine"]
[Black "Falcoale"]
[WhiteElo "1950"]
[BlackElo "1870"]
[Result "0-1"]
[Round "1"]
1.d4 Ng8f6
2.c4 e6
3.Nb1c3 b6
4.Ng1f3 Bc8b7
5.Bc1g5 h6
6.Bg5xf6 Qd8xf6
7.e3 Bb7xf3
8.gxf3 d6
9.Bf1e2 Nb8d7
10.e4 Bf8e7
11.Qd1d2 O-O
12.O-O-O Qf6g6
13.Rd1g1 Qg6h7
14.Be2d3 e5
15.dxe5 Nd7xe5
16.Bd3e2 c6
17.f4 Ne5d7
18.Be2d3 Be7f6
19.e5 dxe5
20.Bd3xh7 Kxh7
21.fxe5 Nd7xe5
 { time }
0-1